| 000 | 00577nam a2200217Ia 4500 | ||
|---|---|---|---|
| 005 | 20250425162018.0 | ||
| 008 | 250425s9999 xx 000 0 und d | ||
| 020 | _a9701024710 | ||
| 041 | _aspa | ||
| 082 | _a745.4 | ||
| 100 | _aTURNER, JANET | ||
| 245 | 0 | _aDISEÑO CON LUZ EN ESPACIOS PUBLICOS: SOLUCIONES DE ILUMINACIÓN PARA EXHIBICIONES, MUSEOS Y LUGARES HISTÉRICOS | |
| 250 | _a1A ED. | ||
| 260 | _aMEXICO | ||
| 260 |
_aMéxico _bMCGRAW-HILL _c2000 |
||
| 300 | _a159 | ||
| 650 | _aDISEÑO GRAFICO | ||
| 650 | _aILUMINACION | ||
| 942 | _c01 | ||
| 010 | _a40467 | ||
| 999 |
_c220607 _d220607 |
||